[Event "Russian Championship G13 2016"]
[Site "Loo"]
[Date "2016.04.25"]
[Round "6.6"]
[White "Bondareva, Daria"]
[Black "Nasybullina, Dayana"]
[Result "0-1"]
[WhiteElo "1601"]
[BlackElo "1652"]
[PlyCount "134"]
[EventDate "2016.04.20"]

1. e4 e5 2. Nf3 Nc6 3. Nc3 Nf6 4. d4 exd4 5. Nxd4 Bb4 6. Nxc6 bxc6 7. Bd3 d5 8.
exd5 cxd5 9. O-O O-O 10. h3 c6 11. Qf3 Be6 12. Ne2 Bd6 13. Bf4 Rb8 14. b3 c5
15. Rad1 d4 16. Bxd6 Qxd6 17. Ng3 Bd5 18. Qf5 Qe6 19. Rfe1 Qxf5 20. Nxf5 Be6
21. Ne7+ Kh8 22. Re5 Rb7 23. Nc6 Rc7 24. Na5 Nd5 25. a3 g6 26. Rde1 Kg7 27. Bc4
Rd8 28. Bxd5 Rxd5 29. Rxd5 Bxd5 30. Re8 c4 31. Rd8 d3 32. c3 cxb3 33. Nxb3 Bxb3
34. Rxd3 Kf6 35. f3 Rc6 36. Kf2 Ra6 37. Kg3 Be6 38. c4 Bxc4 39. Rc3 Bb5 40. Re3
Rd6 41. Rb3 a6 42. Rb2 Ke5 43. Rc2 Rd3 44. Ra2 Kd5 45. a4 Bc4 46. Ra1 Kc5 47.
a5 Kb4 48. Kf4 h6 49. Ke5 Rd5+ 50. Kf6 Rxa5 51. Rb1+ Kc3 52. Rc1+ Kd3 53. Rd1+
Ke2 54. Rc1 Be6 55. Rc2+ Kd3 56. Rc6 Ra2 57. Rd6+ Ke2 58. f4 a5 59. g4 Rd2 60.
Ra6 Rd5 61. Kg7 h5 62. g5 Kf3 63. Rxe6 fxe6 64. Kxg6 Kxf4 65. h4 Kg4 66. Kf6
Kxh4 67. g6 Rg5 0-1

[Event "Russian Championship G13 2016"]
[Site "Loo"]
[Date "2016.04.25"]
[Round "6.7"]
[White "Deminova, Maria"]
[Black "Sovina, Maria"]
[Result "0-1"]
[WhiteElo "1541"]
[BlackElo "1605"]
[PlyCount "108"]
[EventDate "2016.04.20"]

1. e4 c5 2. Nf3 Nc6 3. Nc3 e6 4. d4 cxd4 5. Nxd4 Qc7 6. Ndb5 Qb8 7. Bc4 Nf6 8.
Be3 Be7 9. Qe2 a6 10. Nd4 b5 11. Bb3 Bb7 12. f3 d6 13. O-O-O Qc7 14. g4 Rc8 15.
Nxc6 Bxc6 16. h4 Nd7 17. Qf2 Nc5 18. h5 a5 19. Qe2 Qb7 20. Bxc5 dxc5 21. a4 c4
22. axb5 Bxb5 23. Nxb5 Qxb5 24. Ba2 Bg5+ 25. Kb1 Bf6 26. c3 O-O 27. Qc2 a4 28.
f4 a3 29. e5 Be7 30. g5 Rb8 31. Rd2 Qc6 32. Qd1 Qe4+ 33. Ka1 axb2+ 34. Rxb2
Rxb2 35. Kxb2 Rb8+ 36. Ka1 Qg2 37. Qc1 Ra8 38. Qb1 Rxa2+ 39. Qxa2 Qxh1+ 40. Kb2
Qg2+ 41. Kb1 Qf1+ 42. Kb2 Qe2+ 43. Kb1 Qd1+ 44. Kb2 Qd2+ 45. Kb1 Qxc3 46. Qa8+
Bf8 47. g6 Qd3+ 48. Ka1 hxg6 49. hxg6 Qa3+ 50. Qxa3 Bxa3 51. gxf7+ Kxf7 52. Ka2
Bc1 53. Kb1 Bxf4 54. Kc2 Bxe5 0-1

[Event "Russian Championship G13 2016"]
[Site "Loo"]
[Date "2016.04.25"]
[Round "6.8"]
[White "Vorobyova, Ekaterina"]
[Black "Nasyrova, Ekaterina"]
[Result "0-1"]
[WhiteElo "1625"]
[BlackElo "2060"]
[PlyCount "112"]
[EventDate "2016.04.20"]

1. e4 e5 2. d4 exd4 3. Qxd4 Nc6 4. Qe3 Nf6 5. Nc3 Bb4 6. Bd2 O-O 7. O-O-O Re8
8. Bc4 d6 9. Nh3 Bc5 10. Qe2 Nd4 11. Qd3 Bd7 12. Bg5 c6 13. Na4 b5 14. Bxf6
Qxf6 15. Nxc5 dxc5 16. Bb3 Bg4 17. f3 Bxh3 18. gxh3 Qxf3 19. Qxf3 Nxf3 20.
Bxf7+ Kxf7 21. Rhf1 Kg8 22. Rxf3 Rxe4 23. Rd7 Re2 24. Rff7 Rg2 25. Kd1 h6 26.
b3 Rf8 27. Rxf8+ Kxf8 28. Rxa7 Rxh2 29. a4 bxa4 30. bxa4 Rxh3 31. a5 Ra3 32.
Kc1 c4 33. Kb2 Ra4 34. a6 Kg8 35. Ra8+ Kh7 36. a7 h5 37. Rc8 Rxa7 38. Rxc6 Ra4
39. Rb6 g6 40. Kc3 Kh6 41. Kd2 h4 42. Ke2 Kh5 43. Kf3 g5 44. Re6 Ra3+ 45. Kg2
Rc3 46. Re2 h3+ 47. Kh2 Kh4 48. Re4+ g4 49. Re2 Rg3 50. Rf2 Rg2+ 51. Rxg2 hxg2
52. Kxg2 c3 53. Kh2 g3+ 54. Kg2 Kg4 55. Kg1 Kf3 56. Kf1 Ke3 0-1

[Event "Russian Championship G13 2016"]
[Site "Loo"]
[Date "2016.04.25"]
[Round "6.9"]
[White "Erokhova, Violetta"]
[Black "Kutyanina, Mariya"]
[Result "1/2-1/2"]
[WhiteElo "1618"]
[BlackElo "1809"]
[PlyCount "94"]
[EventDate "2016.04.20"]

1. e4 c5 2. c3 d5 3. exd5 Qxd5 4. d4 Nf6 5. Nf3 Bg4 6. dxc5 Qxd1+ 7. Kxd1 e5 8.
b4 e4 9. h3 Bh5 10. g4 Nxg4 11. hxg4 Bxg4 12. Be2 exf3 13. Bd3 Nc6 14. Re1+ Kd7
15. Bf4 Be7 16. Nd2 Rad8 17. Kc2 g5 18. Bh2 h5 19. Be4 f5 20. Bxc6+ bxc6 21.
Rad1 Rhe8 22. Nxf3+ Kc8 23. Rxd8+ Kxd8 24. Ne5 f4 25. Nxc6+ Kd7 26. Ne5+ Kc7
27. Nxg4 hxg4 28. Kb3 Kd7 29. Rg1 Rh8 30. Rd1+ Kc7 31. Bg1 Rh1 32. Kc2 f3 33.
Kd3 Bd8 34. Re1 Kc6 35. Ke4 Bc7 36. Kf5 Bh2 37. Bxh2 Rxh2 38. Re6+ Kc7 39. Kxg5
Rxf2 40. Kxg4 Rc2 41. Kxf3 Rxc3+ 42. Ke4 a5 43. Kd4 axb4 44. Rb6 Ra3 45. Rxb4
Rxa2 46. Kc4 Kc6 47. Rb6+ Kc7 1/2-1/2

[Event "Russian Championship G13 2016"]
[Site "Loo"]
[Date "2016.04.25"]
[Round "6.10"]
[White "Sumarokova, Alina"]
[Black "Gibadullina, Rajana"]
[Result "0-1"]
[WhiteElo "1780"]
[BlackElo "1569"]
[PlyCount "68"]
[EventDate "2016.04.20"]

1. d4 Nf6 2. c4 c5 3. d5 b5 4. Nf3 bxc4 5. Nc3 d6 6. e4 g6 7. Bxc4 Bg7 8. O-O
O-O 9. h3 Nbd7 10. Nd2 Nb6 11. Be2 Ne8 12. f4 f5 13. exf5 Bxf5 14. Nde4 Nc7 15.
Bf3 Rb8 16. Re1 Bd4+ 17. Kh1 Nbxd5 18. Nxd5 Nxd5 19. Ng5 Nc7 20. Qe2 Bf6 21.
Qc4+ Kg7 22. a3 h6 23. Ne4 d5 24. Qxc5 dxe4 25. Bxe4 Bxe4 26. Rxe4 Qd5 27. Qe3
Rb3 28. Qe2 Rd3 29. Kh2 Nb5 30. Re3 Rxe3 31. Bxe3 Qb3 32. Bc5 Nd6 33. Re1 Qc4
34. Qf2 Ne4 0-1

[Event "Russian Championship G13 2016"]
[Site "Loo"]
[Date "2016.04.25"]
[Round "6.11"]
[White "Zyapaeva, Polina"]
[Black "Markova, Anna"]
[Result "1-0"]
[WhiteElo "1650"]
[BlackElo "1567"]
[PlyCount "69"]
[EventDate "2016.04.20"]

1. e4 c6 2. d4 d5 3. exd5 cxd5 4. Nf3 Nf6 5. Bd3 Bg4 6. Nbd2 e6 7. c3 Bd6 8.
Qc2 O-O 9. Ne5 Nbd7 10. Nxg4 Nxg4 11. Bxh7+ Kh8 12. Bd3 Qh4 13. Nf3 Qd8 14. h3
Ngf6 15. Bg5 Be7 16. O-O-O a6 17. g4 b5 18. a3 b4 19. axb4 Bxb4 20. Ne5 Qb6 21.
Bxf6 Nxf6 22. g5 Ng8 23. Nd7 Qb7 24. Nxf8 Bxf8 25. Qe2 g6 26. h4 Bd6 27. h5 Kg7
28. hxg6 fxg6 29. Rh4 Qf7 30. Rdh1 Kf8 31. Kc2 a5 32. Rh7 Qf4 33. Bxg6 Qxg5 34.
Rf7+ Ke8 35. Qxe6+ 1-0

[Event "Russian Championship G13 2016"]
[Site "Loo"]
[Date "2016.04.25"]
[Round "6.12"]
[White "Shpakivskaya, Alina"]
[Black "Dashina, Sofiia"]
[Result "0-1"]
[WhiteElo "1634"]
[BlackElo "1534"]
[PlyCount "110"]
[EventDate "2016.04.20"]

1. e4 e5 2. Nc3 Nf6 3. f4 d5 4. fxe5 Nxe4 5. Nf3 Bg4 6. d3 Nxc3 7. bxc3 Nc6 8.
d4 Be7 9. Be2 f6 10. O-O O-O 11. h3 Bh5 12. Rb1 Rb8 13. exf6 Bxf6 14. Bd3 Ne7
15. g4 Bg6 16. g5 Qd6 17. gxf6 Rxf6 18. Ne5 Nc6 19. Rxf6 Qxf6 20. Bxg6 Nxe5 21.
Bxh7+ Kxh7 22. Qh5+ Kg8 23. dxe5 Qc6 24. Qf3 Rf8 25. Qd3 Qe6 26. Rb5 c6 27.
Rxb7 Qxe5 28. Qe3 Qf5 29. Qe2 Qxh3 30. Re7 Rf6 31. Qg2 Qh7 32. Bg5 Rf8 33. Rxa7
Rb8 34. Qg4 Rb1+ 35. Kg2 Qxc2+ 36. Kf3 Rf1+ 37. Ke3 Qf2+ 38. Kd3 Qxa7 39. Qe6+
Kf8 40. Qd6+ Kg8 41. Qe6+ Rf7 42. Qc8+ Rf8 43. Qe6+ Qf7 44. Qxf7+ Kxf7 45. Kd4
Ra8 46. Kc5 Rxa2 47. Kxc6 Rc2 48. Kxd5 Rxc3 49. Ke4 Kg6 50. Bd2 Rh3 51. Kf4 Kh5
52. Kf5 g6+ 53. Kf6 Rf3+ 54. Ke5 g5 55. Ke4 Rf8 0-1

[Event "Russian Championship G13 2016"]
[Site "Loo"]
[Date "2016.04.25"]
[Round "6.13"]
[White "Kirchei, Viktoriia"]
[Black "Davydova, Kira"]
[Result "0-1"]
[WhiteElo "1569"]
[BlackElo "1762"]
[PlyCount "46"]
[EventDate "2016.04.20"]

1. e4 e6 2. d4 d5 3. exd5 exd5 4. Bd3 Nc6 5. c3 Bd6 6. Qf3 Nf6 7. h3 O-O 8. Ne2
Ne4 9. Bxe4 dxe4 10. Qxe4 Re8 11. Qf3 Be6 12. Be3 Ne7 13. Nf4 Bd7 14. O-O Nf5
15. c4 Nh4 16. Qd1 Qg5 17. g3 Rxe3 18. Ng2 Nxg2 19. fxe3 Nxe3 20. Qf3 Nxf1 21.
Qxf1 Qxg3+ 22. Qg2 Qe1+ 23. Qf1 Bh2+ 0-1

[Event "Russian Championship G13 2016"]
[Site "Loo"]
[Date "2016.04.25"]
[Round "6.14"]
[White "Loskutova, Viktoriya"]
[Black "Kasaeva, Sofiia"]
[Result "1-0"]
[WhiteElo "1820"]
[BlackElo "1514"]
[PlyCount "119"]
[EventDate "2016.04.20"]

1. e4 c5 2. Nf3 d6 3. Bb5+ Bd7 4. Bxd7+ Qxd7 5. O-O Nc6 6. c3 Nf6 7. d4 Nxe4 8.
d5 Ne5 9. Nxe5 dxe5 10. Re1 Nf6 11. Rxe5 g6 12. Bg5 Bg7 13. c4 O-O 14. Nc3 Rfe8
15. Qe2 h6 16. Bd2 Ng4 17. Re4 Nf6 18. Re3 Ng4 19. Rg3 Nf6 20. Rh3 Kh7 21. Qf3
Qg4 22. Qd3 e5 23. Nb5 Re7 24. Rg3 Qe4 25. Qb3 Qf5 26. Rf3 Qg4 27. h3 Qc8 28.
Re1 a6 29. Nc3 Nh5 30. d6 Rd7 31. Nd5 Rxd6 32. Nb6 Qd8 33. Nxa8 Rxd2 34. Nb6 f5
35. Na4 e4 36. Rfe3 Nf4 37. Qxb7 Nd3 38. Rf1 Qd4 39. Qd5 Rxf2 40. Rxd3 Rxf1+
41. Kxf1 exd3 42. Qxd4 Bxd4 43. Ke1 Be3 44. Nc3 g5 45. Nd5 Bd4 46. b3 g4 47.
hxg4 fxg4 48. Kd2 h5 49. Kxd3 h4 50. Ke4 Kg6 51. Kf4 Kh5 52. Ne7 g3 53. Kf3 Bf2
54. Nd5 Kg5 55. Nc7 h3 56. gxh3 Kh4 57. Kg2 a5 58. Ne8 Kg5 59. Nd6 Be1 60. Ne4+
1-0

[Event "Russian Championship G13 2016"]
[Site "Loo"]
[Date "2016.04.25"]
[Round "6.15"]
[White "Komendrovskaya, Olga"]
[Black "Slesareva, Miraslava"]
[Result "1-0"]
[WhiteElo "1557"]
[BlackElo "1711"]
[PlyCount "157"]
[EventDate "2016.04.20"]

1. e4 e6 2. d4 d5 3. Nc3 Nf6 4. e5 Nfd7 5. Nf3 c5 6. dxc5 Bxc5 7. Bd3 Nc6 8.
Bf4 f6 9. exf6 Nxf6 10. O-O O-O 11. Qe2 a6 12. Rae1 Nd4 13. Nxd4 Bxd4 14. Be5
Ba7 15. Nb1 b5 16. Nd2 Bd7 17. h3 Bb8 18. Nf3 Bxe5 19. Qxe5 Qb6 20. Ng5 Rae8
21. Re2 Bc8 22. Rfe1 h6 23. Nf3 Nd7 24. Qh5 Nf6 25. Qg6 d4 26. Ne5 Rd8 27. Ng4
Nxg4 28. Qh7+ Kf7 29. Bg6+ Ke7 30. Qxg7+ Kd6 31. hxg4 Rg8 32. Qe5+ Ke7 33. Bh5
Qc6 34. Qe4 Qxe4 35. Rxe4 d3 36. cxd3 Rxd3 37. R1e2 Rgd8 38. f3 Kf6 39. Kf2
R3d6 40. Rf4+ Kg7 41. Rf7+ Kg8 42. Rf4 Kg7 43. Rfe4 Rd3 44. R4e3 R3d6 45. Kg3
Kf6 46. Re4 Rd4 47. Rf4+ Rxf4 48. Kxf4 Rd4+ 49. Ke3 Rd8 50. Rd2 Rxd2 51. Kxd2
Bd7 52. b4 Bc6 53. a3 Bb7 54. Ke3 e5 55. Be8 Bd5 56. Bd7 Bb7 57. Bf5 Kg5 58.
Be4 Bc8 59. g3 h5 60. gxh5 Kxh5 61. Bc6 Kg5 62. Ke4 Kf6 63. Kd5 Be6+ 64. Kd6
Bc4 65. Kc5 Ke6 66. Kb6 Kd6 67. Bb7 Be2 68. f4 exf4 69. gxf4 Bg4 70. Bxa6 Kd5
71. Bxb5 Ke4 72. Bc6+ Kxf4 73. a4 Bc8 74. a5 Ke5 75. b5 Kd6 76. a6 Bxa6 77.
bxa6 Ke5 78. a7 Kf4 79. a8=Q 1-0

[Event "Russian Championship G13 2016"]
[Site "Loo"]
[Date "2016.04.25"]
[Round "6.16"]
[White "Lintsova, Liliya"]
[Black "Mikhailova, Yuliya"]
[Result "1-0"]
[WhiteElo "1557"]
[BlackElo "1644"]
[PlyCount "70"]
[EventDate "2016.04.20"]

1. d4 d5 2. Bf4 Nf6 3. e3 c5 4. Nf3 g6 5. c3 Bg7 6. Nbd2 Nc6 7. Be2 O-O 8. O-O
Nd7 9. h3 Re8 10. Bh2 e5 11. dxe5 Ndxe5 12. Nxe5 Nxe5 13. Nb3 b6 14. Qc2 Bf5
15. Qd1 c4 16. Nd4 Bd3 17. Bxe5 Bxe2 18. Qxe2 Bxe5 19. Rad1 Qd7 20. Nf3 Bg7 21.
Qxc4 Rad8 22. Qb3 Qc6 23. Ne1 a5 24. a4 Re4 25. Ra1 Rb8 26. Nf3 Ree8 27. Rfd1
Red8 28. Nd4 Bxd4 29. Rxd4 b5 30. Qc2 b4 31. c4 Rbc8 32. Rad1 Kg7 33. e4 Rb8
34. exd5 b3 35. Qc3 Qxa4 {далее запись неразбор~~ива} 1-0

[Event "Russian Championship G13 2016"]
[Site "Loo"]
[Date "2016.04.25"]
[Round "6.17"]
[White "Strizhnyova, Anna"]
[Black "Baiburina, Kamilla"]
[Result "0-1"]
[WhiteElo "1523"]
[BlackElo "1841"]
[PlyCount "56"]
[EventDate "2016.04.20"]

1. f4 d5 2. Nf3 Nf6 3. e3 Bf5 4. b3 e6 5. Bb2 Be7 6. Bb5+ c6 7. Be2 h6 8. O-O
Nbd7 9. d3 O-O 10. Qe1 a5 11. Nbd2 Ng4 12. e4 dxe4 13. dxe4 Bc5+ 14. Bd4 Bxd4+
15. Nxd4 Qb6 16. c3 Ne3 17. Rf3 Nc2 18. Qd1 Nxd4 19. cxd4 Qxd4+ 20. Kh1 Bg4 21.
Rd3 Qxd3 22. Bxg4 Nc5 23. Qe1 Rad8 24. Rd1 Qd4 25. Bf3 Nd3 26. Qe2 Nf2+ 27. Kg1
Nxd1+ 28. Kf1 Qxd2 0-1

[Event "Russian Championship G13 2016"]
[Site "Loo"]
[Date "2016.04.25"]
[Round "6.18"]
[White "Ershova, Sofya"]
[Black "Maltseva, Ekaterina"]
[Result "1-0"]
[WhiteElo "1762"]
[BlackElo "1520"]
[PlyCount "103"]
[EventDate "2016.04.20"]

1. e4 c5 2. Nf3 d6 3. d4 cxd4 4. Nxd4 Nf6 5. Nc3 g6 6. f3 Bg7 7. Be3 O-O 8. Qd2
Nc6 9. g4 Nxd4 10. Bxd4 Be6 11. Nd5 Nxd5 12. Bxg7 Kxg7 13. exd5 Bd7 14. Qd4+
Kg8 15. O-O-O Qa5 16. Kb1 Rac8 17. h4 e5 18. Qe3 Rc5 19. h5 Rxd5 20. Bd3 Qc7
21. hxg6 fxg6 22. Qh6 Bb5 23. c4 Rxf3 24. cxd5 Bxd3+ 25. Ka1 Qd7 26. Rc1 Rf8
27. Rc3 Qf7 28. Rxd3 Qf1+ 29. Rd1 Qf7 30. a3 Qe7 31. Rc1 e4 32. Rc3 Qd7 33.
Rhc1 Qg7 34. Qxg7+ Kxg7 35. Rc7+ Kh6 36. Re7 Rf4 37. Re1 Rxg4 38. R7xe4 Rg5 39.
Rh1+ Kg7 40. Re7+ Kf6 41. Re6+ Kf5 42. Rxd6 h5 43. Rd8 Rg4 44. d6 Rd4 45. d7
Ke6 46. Re1+ Kd6 47. Rg1 Kc7 48. Rh8 Rxd7 49. Rxg6 Rd1+ 50. Ka2 Rh1 51. Rh7+
Kd8 52. Rg8# 1-0

[Event "Russian Championship G13 2016"]
[Site "Loo"]
[Date "2016.04.25"]
[Round "6.19"]
[White "Ochirova, Anita"]
[Black "Bandurina, Sofiya"]
[Result "1/2-1/2"]
[WhiteElo "1627"]
[BlackElo "1558"]
[PlyCount "60"]
[EventDate "2016.04.20"]

1. e4 c5 2. Nc3 e6 3. g3 a6 4. Bg2 Nc6 5. d3 b5 6. f4 Qc7 7. Nf3 d6 8. O-O Bb7
9. Be3 Nf6 10. h3 Be7 11. g4 O-O-O 12. a4 b4 13. Ne2 d5 14. e5 Nd7 15. d4 c4
16. Ng3 h6 17. f5 Rdf8 18. Nh5 Rfg8 19. Nf4 Nf8 20. fxe6 fxe6 21. b3 c3 22. Qd3
g5 23. Nh5 Nd7 24. Rae1 Qb6 25. Rf2 Qd8 26. Rff1 Qb6 27. Rf2 Qd8 28. Rff1 Qb6
29. Rf2 Qd8 30. Rff1 Qb6 1/2-1/2

[Event "Russian Championship G13 2016"]
[Site "Loo"]
[Date "2016.04.25"]
[Round "6.20"]
[White "Zaripova, Arina"]
[Black "Pakeeva, Namlana"]
[Result "0-1"]
[WhiteElo "1624"]
[BlackElo "1447"]
[PlyCount "72"]
[EventDate "2016.04.20"]

1. d4 Nf6 2. c4 c5 3. d5 b5 4. Nd2 g6 5. e3 Bg7 6. Ngf3 O-O 7. Qc2 d6 8. Bd3
bxc4 9. Bxc4 Nbd7 10. O-O Nb6 11. e4 Nxc4 12. Nxc4 Bb7 13. Rb1 e6 14. Bf4 exd5
15. Nxd6 Ba6 16. Rfd1 Nh5 17. Qd2 dxe4 18. Nxe4 Qxd2 19. Bxd2 Bd3 20. Nxc5 Bxb1
21. Rxb1 Rac8 22. b4 Rfe8 23. Nb7 Rc2 24. a4 Ra2 25. Nc5 Re2 26. Be1 Rab2 27.
Rd1 Re8 28. Rd7 Rb1 29. Kf1 Bc3 30. Nd3 Nf4 31. g3 Nxd3 32. Rxd3 Bxe1 33. Nxe1
Rexe1+ 34. Kg2 Rxb4 35. h4 Rxa4 36. Rd5 a5 0-1

[Event "Russian Championship G13 2016"]
[Site "Loo"]
[Date "2016.04.25"]
[Round "6.21"]
[White "Galushko, Karina"]
[Black "Shumakova, Svetlana"]
[Result "0-1"]
[WhiteElo "1404"]
[BlackElo "1589"]
[PlyCount "119"]
[EventDate "2016.04.20"]

1. d4 d5 2. c4 Bf5 3. Nc3 e6 4. cxd5 exd5 5. Bf4 c6 6. e3 Nf6 7. Qb3 Qb6 8.
Qxb6 axb6 9. Nf3 Nbd7 10. a3 b5 11. b4 Bxb4 12. Kd2 Ne4+ 13. Kc1 Bxc3 14. Ra2
Bb4 15. Bd3 Bxa3+ 16. Kc2 O-O 17. Rha1 b4 18. Nd2 Bg6 19. Bxe4 Bxe4+ 20. Nxe4
dxe4 21. Bd6 b3+ 22. Kxb3 Bxd6 23. Rxa8 Rxa8 24. Rxa8+ Nf8 25. h3 f5 26. Rd8
Bc7 27. Rc8 Bh2 28. f3 Bg1 29. fxe4 fxe4 30. Re8 Bxe3 31. Rxe4 Bg5 32. Kc4 Nd7
33. Re2 Kf7 34. Kd3 Bf6 35. Rb2 b6 36. Rc2 c5 37. dxc5 bxc5 38. Kc4 Bd4 39. Kd5
Nf6+ 40. Kd6 Ne4+ 41. Kd7 Nf6+ 42. Kd6 Ne4+ 43. Kd7 Nc3 44. Rc1 Kg6 45. Rf1 Kg5
46. Ke6 Ne2 47. Rf3 Nf4+ 48. Kf7 Nxg2 49. Rg3+ Kh4 50. Rxg2 Kxh3 51. Rc2 h6 52.
Kg6 Kg3 53. Kh5 Kf4 54. Kg6 Ke4 55. Kh5 Kd3 56. Rc1 Kd2 57. Rc4 Kd3 58. Rc1 c4
59. Kg6 c3 60. Kh5 0-1

[Event "Russian Championship G13 2016"]
[Site "Loo"]
[Date "2016.04.25"]
[Round "6.22"]
[White "Nur-Mukhametova, Alisa"]
[Black "Konova, Polina"]
[Result "1/2-1/2"]
[WhiteElo "1570"]
[BlackElo "1385"]
[PlyCount "154"]
[EventDate "2016.04.20"]

1. e4 e5 2. Nf3 Nc6 3. Bb5 a6 4. Bxc6 dxc6 5. Nc3 f6 6. d4 exd4 7. Qxd4 Qxd4 8.
Nxd4 Bd7 9. Be3 O-O-O 10. O-O-O Bb4 11. Nce2 Re8 12. Ng3 Bd6 13. Ndf5 Bxg3 14.
Nxg3 h5 15. Rd4 h4 16. Ne2 h3 17. gxh3 Rxh3 18. Nf4 Rh4 19. Rhd1 Bg4 20. Rg1 g5
21. Ng6 Rh6 22. Rxg4 Rxg6 23. h4 Nh6 24. Rg3 Nf7 25. hxg5 fxg5 26. f4 Nd6 27.
f5 Rgg8 28. Rg4 Nxf5 29. Rd3 Nxe3 30. Rxe3 Re5 31. Reg3 Kd7 32. Kd2 Ke6 33. Rb3
b5 34. Ra3 Ra8 35. Rgg3 c5 36. Rg4 a5 37. Rh3 Rf8 38. Ke3 Rf6 39. Rh5 Rg6 40.
Rh8 a4 41. Rb8 c6 42. Rd8 Ke7 43. Rb8 Rh6 44. Rg8 Rh5 45. Rg6 Kd7 46. Rg7+ Kd6
47. c4 Rh3+ 48. Kd2 Rh2+ 49. Kc1 Re2 50. cxb5 cxb5 51. Rg6+ Kc7 52. R6xg5 R2xe4
53. Rxe4 Rxg5 54. Re6 Rd5 55. Kc2 Rd6 56. Re8 Kc6 57. Rh8 b4 58. Ra8 Kb5 59.
Rb8+ Rb6 60. Rh8 Ra6 61. Rb8+ Kc4 62. b3+ axb3+ 63. axb3+ Kd5 64. Kd3 Rd6 65.
Rc8 Rd7 66. Kc2 Kd4 67. Rh8 Ra7 68. Rh4+ Kd5 69. Kd3 Ra2 70. Rh5+ Kc6 71. Rh6+
Kc7 72. Kc4 Rc2+ 73. Kb5 Rc1 74. Rc6+ Kb7 75. Rxc5 Rxc5+ 76. Kxc5 Kc7 77. Kxb4
Kb6 1/2-1/2

[Event "Russian Championship G13 2016"]
[Site "Loo"]
[Date "2016.04.25"]
[Round "6.23"]
[White "Rybakova, Anastasiya"]
[Black "Plekhanova, Ekaterina"]
[Result "0-1"]
[WhiteElo "1562"]
[BlackElo "1572"]
[PlyCount "78"]
[EventDate "2016.04.20"]

1. d4 Nf6 2. Nf3 g6 3. e3 Bg7 4. Bd3 O-O 5. O-O d6 6. b3 Nc6 7. Bb2 Nd7 8. Nbd2
e5 9. d5 Ne7 10. e4 f5 11. c4 Nc5 12. Ne1 f4 13. b4 Nd7 14. Rc1 Qe8 15. Be2 Nf6
16. Nd3 g5 17. f3 Rf7 18. c5 Ng6 19. Nc4 Bf8 20. a4 Rg7 21. b5 b6 22. cxd6 cxd6
23. Ba3 Qd8 24. Rc2 Nh4 25. Qc1 Ne8 26. Bb2 Nf6 27. Nb4 g4 28. Nc6 Qe8 29.
N6xe5 dxe5 30. Bxe5 Rf7 31. Bxf4 gxf3 32. gxf3 Bh3 33. Rf2 Rg7+ 34. Bg3 Nh5 35.
Ne3 Bc5 36. Kh1 Nxg3+ 37. hxg3 Rxg3 38. Kh2 Qb8 39. f4 Bxe3 0-1

[Event "Russian Championship G13 2016"]
[Site "Loo"]
[Date "2016.04.25"]
[Round "6.27"]
[White "Vostrikova, Stanislava"]
[Black "Ibragimova, Gulnaz"]
[Result "1-0"]
[WhiteElo "1581"]
[BlackElo "1412"]
[PlyCount "91"]
[EventDate "2016.04.20"]

1. e4 e5 2. Nf3 Nc6 3. Bb5 d6 4. d4 exd4 5. Nxd4 Bd7 6. Bxc6 Bxc6 7. Nxc6 bxc6
8. O-O Nf6 9. Qf3 g6 10. Bg5 Be7 11. e5 Nd5 12. Bh6 Bg5 13. Bxg5 Qxg5 14. c4
Ne7 15. exd6 cxd6 16. Nc3 O-O 17. Ne4 Qe5 18. Nf6+ Kh8 19. Nd7 Qxb2 20. Nxf8
Rxf8 21. Rab1 Qd4 22. Rfe1 Nf5 23. Qxc6 Qc5 24. Qxc5 dxc5 25. Re5 Rc8 26. Rb7
Rd8 27. Re1 Nd6 28. Rxa7 Nxc4 29. Rc7 Rd5 30. Rxf7 Kg8 31. Rc7 Nd6 32. g3 Rh5
33. Rb1 Rf5 34. Rc1 Ne4 35. f4 Rd5 36. Re1 Nf6 37. a4 Kf8 38. a5 c4 39. a6 Ra5
40. a7 c3 41. Rc8+ Kg7 42. a8=Q Rxa8 43. Rxa8 Nd5 44. Rc1 Kf6 45. Rd8 Ke6 46.
Re1+ 1-0

[Event "Russian Championship G13 2016"]
[Site "Loo"]
[Date "2016.04.25"]
[Round "6.28"]
[White "Artamonova, Anna"]
[Black "Kamaeva, Dzhamilya"]
[Result "1/2-1/2"]
[WhiteElo "1514"]
[BlackElo "1491"]
[PlyCount "86"]
[EventDate "2016.04.20"]

1. e4 e5 2. Nf3 Nc6 3. Bb5 a6 4. Bxc6 dxc6 5. O-O f6 6. d4 exd4 7. Nxd4 Bc5 8.
Nb3 Bd6 9. N1d2 Be6 10. Nf3 Qd7 11. Qd4 Ne7 12. Be3 O-O 13. Nc5 Bxc5 14. Qxd7
Bxd7 15. Bxc5 Rfe8 16. h3 Ng6 17. Rfe1 Rad8 18. Rad1 Be6 19. b3 b6 20. Ba3 c5
21. c4 Nf4 22. Rd2 Rxd2 23. Nxd2 Rd8 24. Nf3 Kf7 25. Bc1 Nd3 26. Rd1 Ke8 27.
Be3 b5 28. cxb5 axb5 29. Kf1 c4 30. bxc4 Bxc4 31. Rd2 Ne5+ 32. Ke1 Nxf3+ 33.
gxf3 Rxd2 34. Bxd2 Bxa2 35. Bb4 Kd7 36. Kd2 Ke6 37. f4 g5 38. Ke3 Bc4 39. fxg5
fxg5 40. f4 h6 41. Bf8 gxf4+ 42. Kxf4 h5 43. h4 Be2 1/2-1/2

[Event "Russian Championship G15 1st league 2016"]
[Site "Loo"]
[Date "2016.04.25"]
[Round "6.1"]
[White "Yurasova, Daria"]
[Black "Hilova, Vlada"]
[Result "1-0"]
[WhiteElo "1698"]
[BlackElo "1852"]
[PlyCount "87"]
[EventDate "2016.04.20"]

1. Nf3 g6 2. d4 Bg7 3. c3 Nf6 4. Bg5 d5 5. e3 O-O 6. Bd3 b6 7. O-O c5 8. Nbd2
Nc6 9. Bc2 Bb7 10. Re1 Rc8 11. Rc1 Re8 12. Ba4 a6 13. Ne5 Nd7 14. Nxc6 Bxc6 15.
Bxc6 Rxc6 16. Nf3 Rd6 17. Qe2 b5 18. Qc2 Qb6 19. b4 c4 20. a4 f6 21. Bh4 e5 22.
axb5 axb5 23. Ra1 f5 24. Bg3 Rde6 25. dxe5 Nxe5 26. Nxe5 Bxe5 27. Bxe5 Rxe5 28.
Qd2 Qb7 29. Red1 h5 30. Qd4 R8e7 31. h3 g5 32. Ra5 Kf7 33. Qc5 f4 34. Rxb5 Qd7
35. e4 d4 36. Qxc4+ Qe6 37. Qxe6+ R5xe6 38. Rxd4 Rxe4 39. Rxe4 Rxe4 40. Rxg5
Rc4 41. Rc5 Re4 42. Rxh5 Re1+ 43. Kh2 Rc1 44. Rc5 1-0

[Event "Russian Championship G15 1st league 2016"]
[Site "Loo"]
[Date "2016.04.25"]
[Round "6.2"]
[White "Gutkovich, Polina"]
[Black "Gusenkova, Karina"]
[Result "1-0"]
[WhiteElo "1776"]
[BlackElo "1431"]
[PlyCount "161"]
[EventDate "2016.04.20"]

1. e4 d6 2. d4 Nf6 3. Nc3 e5 4. Nge2 Be7 5. g3 c6 6. a4 O-O 7. Bg2 b6 8. O-O
Qc7 9. h3 Bb7 10. Be3 Nbd7 11. Qd2 Rfd8 12. Kh2 exd4 13. Nxd4 Ne5 14. b3 d5 15.
f4 Ng6 16. e5 Ne4 17. Nxe4 dxe4 18. Qf2 c5 19. Nb5 Qc6 20. Nc3 f5 21. Rg1 Qd7
22. Bf1 Kh8 23. Be2 Bc6 24. g4 Nh4 25. Qg3 Rg8 26. Rad1 Qc8 27. Nb1 Rd8 28. Nd2
Qe6 29. Bf2 Ng6 30. gxf5 Qxf5 31. Be3 Bh4 32. Qg4 Qxg4 33. Bxg4 Rf8 34. Rgf1
Rad8 35. Nc4 Rxd1 36. Bxd1 Be7 37. Bh5 Nh4 38. Bg4 Nf5 39. Bc1 Bd5 40. Bxf5
Rxf5 41. Ne3 Be6 42. Nxf5 Bxf5 43. Be3 Kg8 44. a5 Bd8 45. Kg3 Kf7 46. Rd1 Bc7
47. axb6 Bxb6 48. Rd6 Ke7 49. Rd5 Ke6 50. Rd6+ Ke7 51. Rc6 Kd7 52. Rd6+ Ke7 53.
h4 h6 54. Kf2 Bh7 55. Ke2 Bf5 56. Kd2 Ba5+ 57. Kc1 Bb6 58. Kb2 Bd7 59. Kc3 Ba5+
60. Kc4 Be6+ 61. Kxc5 Bb6+ 62. Rxb6 axb6+ 63. Kxb6 Kd7 64. c4 g6 65. Kc5 Kc7
66. b4 Bg4 67. Kd5 Kd7 68. Kxe4 Be6 69. Kd4 Kc6 70. Kc3 h5 71. b5+ Kb7 72. Kb4
Kc7 73. c5 Bd5 74. c6 Be4 75. Kc5 Bf5 76. b6+ Kc8 77. Kd6 Bg4 78. b7+ Kb8 79.
Ba7+ Kxa7 80. Kc7 Ka6 81. b8=Q 1-0

[Event "Russian Championship G15 1st league 2016"]
[Site "Loo"]
[Date "2016.04.25"]
[Round "6.3"]
[White "Selezneva, Ekaterina"]
[Black "Malozemova, Darya"]
[Result "1-0"]
[WhiteElo "1750"]
[BlackElo "1643"]
[PlyCount "77"]
[EventDate "2016.04.20"]

1. e4 e5 2. Nf3 Nc6 3. d4 exd4 4. Nxd4 Bc5 5. Nb3 Bb6 6. Nc3 Nge7 7. Qe2 d6 8.
Be3 O-O 9. O-O-O Bxe3+ 10. Qxe3 a5 11. a4 Be6 12. f4 Bxb3 13. cxb3 Nb4 14. Bc4
c6 15. Qf3 Qc7 16. Kb1 c5 17. Nb5 Qb8 18. Rxd6 Nc8 19. Rd2 Nb6 20. Rhd1 Nxc4
21. bxc4 b6 22. Rd7 Qe8 23. Nc7 Qc8 24. Nxa8 Qxa8 25. e5 Qa6 26. b3 b5 27. R1d6
Qc8 28. axb5 f6 29. e6 Qe8 30. Qb7 Qg6+ 31. Ka1 Nc2+ 32. Kb2 Nb4 33. Rd2 f5 34.
Rf7 Re8 35. Rdd7 Nd3+ 36. Kb1 Kh8 37. Rxg7 Qf6 38. Rxh7+ Kg8 39. Rdg7+ 1-0